|
|
|
|
| LEADER |
00971nam a2200217 a 4500 |
| 001 |
008450533 |
| 008 |
090602s19871992enka b 001 0 eng d |
| 040 |
|
|
|a Uk
|c Uk
|
| 082 |
0 |
0 |
|a 657.0284516
|2 20
|
| 100 |
1 |
|
|a Bassett, P. H.
|
| 245 |
0 |
0 |
|a Computerised accounting /
|c P.H. Bassett.
|
| 250 |
|
|
|a 2nd ed.
|
| 260 |
|
|
|a Manchester;
|a New Delhi :
|b NCC Publications;BPB Publications,
|c 1987[Indian edition 1992].
|
| 541 |
1 |
|
|e 00011632
|
| 650 |
|
0 |
|a Accounting -- Data processing
|
| 650 |
|
0 |
|a Microcomputers
|
| 710 |
2 |
|
|a National Computing Centre Limited.
|
| 852 |
4 |
|
|a Ayesha Abed Library
|j General Shelf.
|
| 999 |
|
|
|c 1339
|d 1339
|
| 952 |
|
|
|0 0
|1 0
|2 ddc
|4 0
|6 657_028451600000000_BAS_1992
|7 0
|9 1221
|a BRACUL
|b BRACUL
|c GEN
|d 2009-06-25
|g 176.00
|l 0
|o 657.0284516 BAS
|p 3010011632
|r 2009-06-25
|t 1
|v 352.00
|w 2009-06-25
|y BK
|
| 952 |
|
|
|0 0
|1 0
|2 ddc
|4 0
|6 657_028451600000000_BAS_1992
|7 0
|9 18085
|a BRACUL
|b BRACUL
|c GEN
|d 2011-09-19
|l 1
|m 3
|o 657.0284516 BAS
|p 3010011627
|r 2013-11-02
|s 2013-10-11
|t 2
|w 2011-09-19
|y BK
|